Bandeira de países com algo escrito (Traduzido) - Statistics

Estatísticas Gerais
  • Esse quiz foi jogado 106 vezes
    100 desde o último reset
  • A pontuação média é 9 de 18
Estatísticas das Respostas
O que está escrito País % Correto
Ordem e Progresso Brasil
100%
Maomé é o mensageiro Afeganistão | Arábia Saudita
92%
Bolivia Bolívia
92%
República Árabe do Egito Egito
92%
República do Paraguai Paraguai
88%
República de Salvador na América Central El Salvador
87%
República de NicaraguaAmérica Central Nicarágua
84%
Brunei, a morada da paz Brunei
79%
Deus é grande Iraque
44%
Liberdade 15 de Setembrode 1821 Guatemala
28%
Plus Ultra Espanha
25%
Liberta San Marino
15%
Virtude Unida é Mais Forte Andorra
13%
Sob a sombra eu floresço Belize
13%
Unidade é força Haiti
9%
Unidade, Paz, Justiça Guiné Equatorial
6%
Por Bravura Malta
5%
Deus, Pátria, Liberdade República Dominicana
4%
Nenhum quiz correspondente encontrado
Distribuição das Pontuações
Porcentagem de Pessoas com Cada Pontuação
Percentil de Números Respondidos
Sua Pontuação Histórica
Você não jogou esse quiz desde o último reset